000 00698nam a2200157 a 4500
001 000042956
005 20201002040528.0
008 130405s2009 dr 000 0 spa d
040 _aDO-SdBNP
_bspa
_cBNPHU
245 0 0 _aLey No. 136-03 :
_bcódigo para el sistema de protección y los derechos fundamentales de niños, niñas y adolescentes, incluye las modificaciones de la ley 52-07 del 23 de abril de 2007 /
_ccoordinador Lino Vásquez Sámuel.
250 _a3a. ed.
260 _aSanto Domingo :
_bComisionado de Apoyo a la Reforma y Modernización de la Justicia,
_c2009.
300 _a189 p. :
_bil. ;
_c23 cm.
500 _aGaceta oficial 10234
700 1 _aVásquez Sámuel, Lino
_ecoor.
_920067
999 _c42445
_d42445